Music Quiz

Random Music or Artist Quiz

Breaking Up the Bands Quiz Stats

 Plays Quiz Updated May 22, 2018

Score 0/90 Timer 06:00
0 Plays Today
head answer % Correct
First 3 lettersAerosmith
88.4%
Next 3 lettersAerosmith
88.4%
Last 3 lettersAerosmith
88.4%
First 3 lettersAce of Base
66.1%
Next 3 lettersAce of Base
66.1%
Last 3 lettersAce of Base
66.1%
First 3 lettersAir Supply
64.3%
Next 3 lettersAir Supply
64.3%
Last 3 lettersAir Supply
64.3%
First 3 lettersRadiohead
57.8%
Next 3 lettersRadiohead
57.8%
Last 3 lettersRadiohead
57.8%
First 3 lettersMen at Work
57.6%
Next 3 lettersMen at Work
57.6%
Last 3 lettersMen at Work
57.6%
First 3 lettersPink Floyd
53.4%
Next 3 lettersPink Floyd
53.4%
Last 3 lettersPink Floyd
53.4%
First 3 lettersLifehouse
46.1%
Next 3 lettersLifehouse
46.1%
Last 3 lettersLifehouse
46.1%
First 3 lettersMetallica
45.2%
Next 3 lettersMetallica
45.2%
Last 3 lettersMetallica
45.2%
First 3 lettersSimply Red
43.8%
Next 3 lettersSimply Red
43.8%
Last 3 lettersSimply Red
43.8%
First 3 lettersForeigner
43.2%
Next 3 lettersForeigner
43.1%
Last 3 lettersForeigner
43.1%
head answer % Correct
First 3 lettersQuiet Riot
37.4%
Next 3 lettersQuiet Riot
37.4%
Last 3 lettersQuiet Riot
37.4%
First 3 lettersEverclear
35.9%
Next 3 lettersEverclear
35.9%
Last 3 lettersEverclear
35.9%
First 3 lettersBoyz II Men
35.6%
Next 3 lettersBoyz II Men
35.6%
Last 3 lettersBoyz II Men
35.6%
First 3 lettersCrazy Town
35.1%
Next 3 lettersCrazy Town
35.1%
Last 3 lettersCrazy Town
35.1%
First 3 lettersNaked Eyes
31.6%
Next 3 lettersNaked Eyes
31.6%
Last 3 lettersNaked Eyes
31.6%
First 3 lettersScorpions
30.1%
Next 3 lettersScorpions
30.1%
Last 3 lettersScorpions
30.1%
First 3 lettersBadfinger
29.2%
Next 3 lettersBadfinger
29.2%
Last 3 lettersBadfinger
29.2%
First 3 lettersReal McCoy
27.9%
Next 3 lettersReal McCoy
27.9%
Last 3 lettersReal McCoy
27.9%
First 3 lettersSteely Dan
27.3%
Next 3 lettersSteely Dan
27.3%
Last 3 lettersSteely Dan
27.3%
First 3 lettersKris Kross
27%
Next 3 lettersKris Kross
27%
Last 3 lettersKris Kross
27%
head answer % Correct
First 3 lettersStray Cats
26.4%
Next 3 lettersStray Cats
26.4%
Last 3 lettersStray Cats
26.4%
First 3 lettersWang Chung
26.2%
Next 3 lettersWang Chung
26.2%
Last 3 lettersWang Chung
26.2%
First 3 lettersFireHouse
26.1%
Next 3 lettersFireHouse
26.1%
Last 3 lettersFireHouse
26.1%
First 3 lettersPapa Roach
23.2%
Next 3 lettersPapa Roach
23.2%
Last 3 lettersPapa Roach
23.2%
First 3 lettersAnimotion
22.6%
Next 3 lettersAnimotion
22.6%
Last 3 lettersAnimotion
22.6%
First 3 lettersRare Earth
21.4%
Next 3 lettersRare Earth
21.4%
Last 3 lettersRare Earth
21.4%
First 3 lettersB.T. Express
17.2%
Next 3 lettersB.T. Express
17.2%
Last 3 lettersB.T. Express
17.2%
First 3 lettersSeduction
16.7%
Next 3 lettersSeduction
16.7%
Last 3 lettersSeduction
16.7%
First 3 lettersDishwalla
15.4%
Next 3 lettersDishwalla
15.4%
Last 3 lettersDishwalla
15.4%
First 3 lettersBlue Swede
12.9%
Next 3 lettersBlue Swede
12.9%
Last 3 lettersBlue Swede
12.9%

You're not logged in!

Compare scores with friends on all Sporcle quizzes.
OR
Log In

Sporcle TV

Today on Sporcle TV


Watch our educational content, quiz creation guides, and fun videos on Sporcle TV.

Show Comments

Extras

Top Quizzes Today


Score Distribution

Your Account Isn't Verified!

In order to create a playlist on Sporcle, you need to verify the email address you used during registration. Go to your Sporcle Settings to finish the process.

Report this User

Report this user for behavior that violates our Community Guidelines.

Details: